<?xml version="1.0" encoding="UTF-8"?>
<record
    xmlns:xsi="http://www.w3.org/2001/XMLSchema-instance"
    xsi:schemaLocation="http://www.loc.gov/MARC21/slim http://www.loc.gov/standards/marcxml/schema/MARC21slim.xsd"
    xmlns="http://www.loc.gov/MARC21/slim">

  <leader>01701nam a22002894aa4500</leader>
  <controlfield tag="003">BOFEUTO</controlfield>
  <controlfield tag="005">20260626143905.0</controlfield>
  <controlfield tag="008">260611t2025    bo     gr     000 f spa d</controlfield>
  <datafield tag="040" ind1=" " ind2=" ">
    <subfield code="6">BOFEUTO</subfield>
    <subfield code="a">BOFEUTO</subfield>
    <subfield code="c">BOFEUTO</subfield>
  </datafield>
  <datafield tag="041" ind1=" " ind2=" ">
    <subfield code="a">spa</subfield>
  </datafield>
  <datafield tag="044" ind1=" " ind2=" ">
    <subfield code="a">bo</subfield>
  </datafield>
  <datafield tag="082" ind1=" " ind2=" ">
    <subfield code="a">TE6326</subfield>
    <subfield code="b">Ay974a</subfield>
  </datafield>
  <datafield tag="100" ind1=" " ind2=" ">
    <subfield code="a">Ayca Corani, Zulema Zoraida</subfield>
    <subfield code="e">autor</subfield>
  </datafield>
  <datafield tag="245" ind1=" " ind2=" ">
    <subfield code="a">An&#xE1;lisis de la rentabilidad de la Pyme Panificadora San Andr&#xE9;s de la ciudad de Oruro de la gesti&#xF3;n 2020-2024 /</subfield>
    <subfield code="c"> Zulema Zoraida Ayca Corani, Jos&#xE9; luis Tangara Colque</subfield>
  </datafield>
  <datafield tag="260" ind1=" " ind2=" ">
    <subfield code="a">Oruro :</subfield>
    <subfield code="b">s/n,</subfield>
    <subfield code="c">2025.</subfield>
  </datafield>
  <datafield tag="300" ind1=" " ind2=" ">
    <subfield code="a">90 hojas ;</subfield>
    <subfield code="b">ilus, gr&#xE1;f. ;</subfield>
    <subfield code="c">28.5 cm.</subfield>
  </datafield>
  <datafield tag="500" ind1=" " ind2=" ">
    <subfield code="a">Incluye bibliograf&#xED;a, anexos.</subfield>
  </datafield>
  <datafield tag="502" ind1=" " ind2=" ">
    <subfield code="a">Trabajo Dirigido, (Licenciatura) -- Universidad T&#xE9;cnica de Oruro, Facultad de Ciencias Econ&#xF3;micas, Financieras y Administrativas, Carrera Ingenier&#xED;a Comercial, 2025.</subfield>
  </datafield>
  <datafield tag="520" ind1=" " ind2=" ">
    <subfield code="a">La importancia del an&#xE1;lisis de la rentabilidad en una pyme radica en la posibilidad de identificar con precisi&#xF3;n los aspectos econ&#xF3;micos y financieros que influyen en su desempe&#xF1;o y en las condiciones en las que opera dentro del mercado. Este tipo de an&#xE1;lisis permite comprender c&#xF3;mo interact&#xFA;an variables como la liquidez, la solvencia, el nivel de endedudamiento, la rentabilidad y las fuentes de financiamiento. En este contexto. el presente trabajo de investigaci&#xF3;n se elabor&#xF3; con e objetivo de examinar los factores relacionados con la rentabilidad mediante la aplicaci&#xF3;n de un modelo de regresi&#xF3;n lineal m&#xFA;ltiple.</subfield>
  </datafield>
  <datafield tag="650" ind1=" " ind2=" ">
    <subfield code="a">An&#xE1;lisis de Rentabilidad</subfield>
  </datafield>
  <datafield tag="653" ind1=" " ind2=" ">
    <subfield code="a">Rentabilidad</subfield>
  </datafield>
  <datafield tag="653" ind1=" " ind2=" ">
    <subfield code="a">Precisi&#xF3;n</subfield>
  </datafield>
  <datafield tag="653" ind1=" " ind2=" ">
    <subfield code="a">Mercado</subfield>
  </datafield>
  <datafield tag="653" ind1=" " ind2=" ">
    <subfield code="a">Solvencia</subfield>
  </datafield>
  <datafield tag="700" ind1=" " ind2=" ">
    <subfield code="a">Tangara Colque, J&#xF3;se Luis</subfield>
    <subfield code="e">tutor</subfield>
  </datafield>
  <datafield tag="942" ind1=" " ind2=" ">
    <subfield code="2">ddc</subfield>
    <subfield code="c">TE</subfield>
    <subfield code="n">0</subfield>
  </datafield>
  <datafield tag="999" ind1=" " ind2=" ">
    <subfield code="c">16184</subfield>
    <subfield code="d">16184</subfield>
  </datafield>
  <datafield tag="952" ind1=" " ind2=" ">
    <subfield code="0">0</subfield>
    <subfield code="1">0</subfield>
    <subfield code="2">ddc</subfield>
    <subfield code="4">0</subfield>
    <subfield code="7">0</subfield>
    <subfield code="a">UTO</subfield>
    <subfield code="b">UTO</subfield>
    <subfield code="c">4</subfield>
    <subfield code="d">2026-06-11</subfield>
    <subfield code="i">6326</subfield>
    <subfield code="l">0</subfield>
    <subfield code="o">TE6326/Ay974a</subfield>
    <subfield code="p">TE6326</subfield>
    <subfield code="r">2026-06-26 14:40:08</subfield>
    <subfield code="t">Ej.1</subfield>
    <subfield code="w">2026-06-26</subfield>
    <subfield code="y">TE</subfield>
  </datafield>
</record>
